Evaluation of endocranial bony changes in relation to tuberculosis in the Robert J. Terry Anatomical Skeletal Collection (Washington, DC, USA)

Elmentve itt :
Bibliográfiai részletek
Szerző: Spekker Olga
További közreműködők: Molnár Erika (Témavezető)
Pálfi György (Témavezető)
Dokumentumtípus: Disszertáció
Megjelent: 2018-05-15
Tárgyszavak:
doi:10.14232/phd.9714

mtmt:3402573
Online Access:http://doktori.ek.szte.hu/9714
LEADER 01251nta a2200253 i 4500
001 dokt9714
005 20200610094404.0
008 180320s2018 hu om 0|| eng d
024 7 |a 10.14232/phd.9714  |2 doi 
024 7 |a 3402573  |2 mtmt 
040 |a SZTE Doktori Repozitórium  |b hun 
041 |a eng 
100 1 |a Spekker Olga 
245 1 0 |a Evaluation of endocranial bony changes in relation to tuberculosis in the Robert J. Terry Anatomical Skeletal Collection (Washington, DC, USA)  |h [elektronikus dokumentum] /  |c  Spekker Olga 
246 1 0 |a Tuberkulózissal összefüggésbe hozható endocranialis csontelváltozások vizsgálata a Robert J. Terry Anatomical Skeletal Collectionben (Washington, DC, USA)  |h [elektronikus dokumentum] 
260 |c 2018-05-15 
502 |a Disszertacio 
650 4 |a biológiai tudományok 
650 4 |a Biológiai tudományok 
700 0 1 |a Molnár Erika  |e ths 
700 0 1 |a Pálfi György  |e ths 
856 4 0 |u https://doktori.bibl.u-szeged.hu/id/eprint/9714/1/PhD_dissertation_SO.pdf  |z Dokumentum-elérés  
856 4 0 |u https://doktori.bibl.u-szeged.hu/id/eprint/9714/2/PhD_thesis_SO_English.pdf  |z Dokumentum-elérés  
856 4 0 |u https://doktori.bibl.u-szeged.hu/id/eprint/9714/3/PhD_thesis_SO_Hungarian.pdf  |z Dokumentum-elérés